Место и роль региональной библиотеки в формировании библиотечно-информационного фонда Российской Федерации; Библиотечное дело - XXI век; № 2

Podrobná bibliografie
Parent link:Библиотечное дело - XXI век: приложение к журналу "Библиотековедение".— , 2002-
№ 2.— 2002.— С. 34-36
Hlavní autor: Калинина Г. Г. Галина Гавриловна
Jazyk:ruština
Vydáno: 2002
Edice:Теория и практика:точки пересечения
Témata:
Médium: MixedMaterials Kapitola
KOHA link:https://koha.lib.tpu.ru/cgi-bin/koha/opac-detail.pl?biblionumber=400283

MARC

LEADER 00000naa2a2200000 4500
001 400283
005 20231101065353.0
035 |a (RuTPU)RU\TPU\prd\42469 
035 |a RU\TPU\prd\42468 
090 |a 400283 
100 |a 20060405a2002 k y0rusy50 ca 
101 0 |a rus 
102 |a RU 
200 1 |a Место и роль региональной библиотеки в формировании библиотечно-информационного фонда Российской Федерации  |f Г. Г. Калинина 
225 1 |a Теория и практика:точки пересечения  |i Тема: "Формирование распределенного депозитарного фонда" 
461 0 |0 (RuTPU)RU\TPU\prd\7961  |t Библиотечное дело - XXI век  |o приложение к журналу "Библиотековедение"  |o научно-практический сборник  |d 2002- 
463 0 |0 (RuTPU)RU\TPU\prd\9359  |t № 2  |v С. 34-36  |d 2002 
610 1 |a универсальные региональные библиотеки 
610 1 |a библиотечно-информационные фонды 
610 1 |a формирование 
610 1 |a Российская Федерация 
700 1 |a Калинина  |b Г. Г.  |g Галина Гавриловна 
801 1 |a RU  |b 63413507  |c 20050413  |g PSBO 
801 2 |a RU  |b 63413507  |c 20060405  |g PSBO 
942 |c BK